| 000 | 00478nam a2200181Ia 4500 | ||
|---|---|---|---|
| 999 |
_c41404 _d41404 |
||
| 001 | 8066 | ||
| 003 | GE_BSU | ||
| 005 | 20200117153429.0 | ||
| 008 | 181216s2011||||tu |||||||||||||| ||tur|| | ||
| 040 | _cGE_BSU | ||
| 041 | _atur | ||
| 080 | _a811.513.161 H-70 | ||
| 245 |
_aYeni HITIT Çalişma Kitabi 2 B1 : _bYabancilar için Türkçe / _cN.Engin UZUN. |
||
| 264 |
_aAnkara, _c2011. |
||
| 300 |
_a78 p.; _b30 cm. |
||
| 653 | _aთურქული ენა | ||
| 942 |
_cBK _2udc |
||